ბათუმის შოთა რუსთაველის სახელმწიფო უნივერსიტეტის ბიბლიოთეკა

Практический справочник бурового мастера.Т.2 (ბიბ.ჩანაწერი № 45394)

000 -LEADER
fixed length control field 01006nam a2200241Ia 4500
001 - CONTROL NUMBER
control field 12218
003 - CONTROL NUMBER IDENTIFIER
control field GE_BSU
008 - FIXED-LENGTH DATA ELEMENTS--GENERAL INFORMATION
fixed length control field 181216s||||||||xx |||||||||||||| ||und||
020 ## - INTERNATIONAL STANDARD BOOK NUMBER
International Standard Book Number 9785912590726
040 ## - CATALOGING SOURCE
Transcribing agency GE_BSU
080 ## - UNIVERSAL DECIMAL CLASSIFICATION NUMBER
Universal Decimal Classification number 622.24
100 ## - MAIN ENTRY--PERSONAL NAME
Personal name Юртаев,С.А.
245 ## - TITLE STATEMENT
Title Практический справочник бурового мастера.Т.2
245 ## - TITLE STATEMENT
Remainder of title Справочное руководство для мастеров по бурению,освоению и испытанию нефтяных и газовых скважин
260 ## - PUBLICATION, DISTRIBUTION, ETC.
Place of publication, distribution, etc. СПБ
260 ## - PUBLICATION, DISTRIBUTION, ETC.
Name of publisher, distributor, etc. НПО "Профессионал
260 ## - PUBLICATION, DISTRIBUTION, ETC.
Date of publication, distribution, etc. 2011
300 ## - PHYSICAL DESCRIPTION
Extent 1000стр.Илл.
653 ## - INDEX TERM--UNCONTROLLED
Uncontrolled term Практический справочник бурового мастера
653 ## - INDEX TERM--UNCONTROLLED
Uncontrolled term Справочное руководство для мастеров по бурению,освоению и испытанию нефтяных и газовых скважин
942 ## - ADDED ENTRY ELEMENTS (KOHA)
Koha item type წიგნი
ეგზემპლარები
Withdrawn status Lost status Damaged status Not for loan Date acquired Barcode Date last seen Price effective from Koha item type Public note
        2018-12-17 36131 2018-12-17 2018-12-17 წიგნი საინჟ-ტექნოლ.ფაკ-ს ბიბლ-შია